Culture G - Divers (3) - Statistiques

Statistiques générales
  • Ce quiz a été pris 232 fois
  • Le résultat moyen est 12 sur 20
Statistiques - réponses
Indice Réponse % Correct
Quelle ville française est connu pour sa course automobile de 24h Le Mans
97%
Combien d'États compte les États-Unis 50
89%
Quel est l'élément chimique associé au symbole Zn Zinc
77%
Quel mammifère terrestre est le plus rapide Guépard
74%
Si dans l'hémisphère sud c'est le capricorne alors dans le nord c'est le... Cancer
73%
Combien de mois compte 28 jours 12
72%
Quelle est l'unité de l'intensité électrique Ampère
66%
Comment se nomme un astronaute provenant de Russie (ou anciennement URSS) Cosmonaute
64%
Combien fait 6³ (6 au cube) 216
61%
Dans quel pays se trouve la Costa Brava Espagne
61%
Qui est le créateur de la saga Star Wars George Lucas
59%
Qui détient le record de médaille d'or aux Jeux Olympiques Michael Phelps
58%
Combien de départements y a-t-il en France 101
57%
Que signifie le A de ADN Acide
57%
Quel est la vraie identité de Batman Bruce Wayne
51%
Dans quel pays actuel se situait la cité de Babylone Irak
48%
Quel famille originaire de Florence a été importante lors de la Renaissance italienne mais aussi européenne Medicis
48%
Qui a écrit et développé les histoires de Sherlock Holmes Arthur Conan Doyle
38%
De quelle marque est la voiture la plus vendue de tous les temps Toyota
38%
Que signifie l'abréviation "c.f." provenant du latin Confer
28%
Aucun quiz correspondant
Distribution des résultats
% des personnes avec chaque résultat
Percentile par nombre de réponses
Votre historique - résultats
Vous n’avez pas pris ce quiz